| 000 | 00394nam a22001697a 4500 | ||
|---|---|---|---|
| 999 |
_c19543 _d19543 |
||
| 003 | OSt | ||
| 005 | 20190305184602.0 | ||
| 008 | 180919b xxu||||| |||| 00| 0 eng d | ||
| 020 | _a9780143424468 | ||
| 040 | _cLIRC | ||
| 082 | _a646.78 KHA | ||
| 100 |
_9801 _aTwinkle, Khanna |
||
| 245 | _aMrs funnybones | ||
| 260 |
_aGurgaon _bPenguin Books _c2015 |
||
| 300 | _a235 p. | ||
| 942 |
_2ddc _cBK _01 |
||